Normal view
MARC view
- خوري،أنطوان ج
Entry Personal Name
001 - CONTROL NUMBER
- control field: 16704
003 - CONTROL NUMBER IDENTIFIER
- control field: JO-AjAnu
005 - DATE AND TIME OF LATEST TRANSACTION
- control field: 20230606072949.0
008 - FIXED-LENGTH DATA ELEMENTS
- fixed length control field: 230606|| aca||aabn | a|a d
040 ## - CATALOGING SOURCE
- Original cataloging agency: JO-AjAnu
- Transcribing agency: JO-AjAnu
100 ## - HEADING--PERSONAL NAME
- Personal name: خوري،أنطوان ج
670 ## - SOURCE DATA FOUND
- Source citation: Work cat.: (JO-AjAnu)8577: خوري،أنطوان ج, author, وعي الوعي او الحكم المسبق والمسالة التربوية:نصوص فلسفية عربية